¡Comprometeos! ya no basta con indignarse : (Registro nro. 5014)

Detalles MARC
000 -LEADER
fixed length control field 01278nam a2200277Ia 4500
003 - CONTROL NUMBER IDENTIFIER
control field OSt
005 - DATE AND TIME OF LATEST TRANSACTION
control field 20200429095907.0
008 - FIXED-LENGTH DATA ELEMENTS--GENERAL INFORMATION
fixed length control field 191128s2011 sp gr 000 0 spa d
020 ## - INTERNATIONAL STANDARD BOOK NUMBER
International Standard Book Number 9788423345137
040 ## - CATALOGING SOURCE
Original cataloging agency CO-JMCR
Transcribing agency CO-JMCR
041 0# - LANGUAGE CODE
Language code of text/sound track or separate title spa
082 04 - DEWEY DECIMAL CLASSIFICATION NUMBER
Classification number 304.2 /
Item number H277c
100 1# - MAIN ENTRY--PERSONAL NAME
Personal name Hessel, Sthépane,
Relator term autor
9 (RLIN) 3595
245 10 - TITLE STATEMENT
Title ¡Comprometeos! ya no basta con indignarse :
Remainder of title conversaciones con Gilles Vanderpooten
Statement of responsibility, etc. Hessel, Sthépane, traducción, Rosa Alapont/
260 ## - PUBLICATION, DISTRIBUTION, ETC.
Place of publication, distribution, etc. Barcelona :
Name of publisher, distributor, etc. Destino,
Date of publication, distribution, etc. 2011
300 ## - PHYSICAL DESCRIPTION
Extent 95 páginas ;
Dimensions 20 cm.
490 0# - SERIES STATEMENT
Series statement Imago Mundi ;
Volume/sequential designation 206
505 ## - FORMATTED CONTENTS NOTE
Formatted contents note Carta de los autores -- Stéphane Hessel -- ¡Comprometeos! -- Declaración Universal de los Derechos Humanos
520 ## - SUMMARY, ETC.
Summary, etc. Stéphane Hessel, cuyo alegato contra la indiferencia ha contribuido a desperezar las conciencias de miles y miles de indignadod, proclama ahora la necesidad de comprometerse, desde la exigencia ética individual y con rechazo explicíto a toda violencia.
534 ## - ORIGINAL VERSION NOTE
Introductory phrase Engagez-vous!
650 14 - SUBJECT ADDED ENTRY--TOPICAL TERM
Topical term or geographic name entry element Entrevistas Diplomáticos
Geographic subdivision Francia
9 (RLIN) 3596
650 24 - SUBJECT ADDED ENTRY--TOPICAL TERM
Topical term or geographic name entry element Entrevistas
General subdivision Participación social
9 (RLIN) 3597
650 24 - SUBJECT ADDED ENTRY--TOPICAL TERM
Topical term or geographic name entry element Protección de los recursos naturales
General subdivision Ecologismo
9 (RLIN) 3598
700 1# - ADDED ENTRY--PERSONAL NAME
Personal name Alapont, Rosa,
Relator term traductora
9 (RLIN) 3599
942 ## - ADDED ENTRY ELEMENTS (KOHA)
Source of classification or shelving scheme Dewey Decimal Classification
Koha item type Books
Existencias
Withdrawn status Lost status Source of classification or shelving scheme Materials specified (bound volume or other part) Damaged status Not for loan Home library Current library Shelving location Date acquired Source of acquisition Cost, normal purchase price Total Checkouts Full call number Barcode Date last seen Copy number Price effective from Koha item type
    Dewey Decimal Classification Donación--15/04/2018--     Biblioteca Pública José María del Castillo y Rada Biblioteca Pública José María del Castillo y Rada General Stacks 11/28/2019 Donación 0.00   304.2 / H277c 430001139 05/16/2024 Ej.1 11/28/2019 Books